000 00218nam a22000857a 4500
008 170617b xxu||||| |||| 00| 0 eng d
100 _93480
_aDilwali. A
245 _aAll about photography
260 _aNew Delhi
_bN. B. T
_c2002
999 _c6854
_d6854